000 00429nam a22001697a 4500
003 MACL
005 20160721134954.0
008 160721b xxu||||| |||| 00| 0 eng d
040 _cMACL
041 _aEnglish
082 _a742
100 _aMajula, S
_964852
245 _aIndian Cinema Through The Century
_cS. Manjula
260 _aNew Delhi
_bPublications Division
_c2015
650 _aCinema
_964853
942 _2ddc
_cBK
999 _c54570
_d54570